Proceedings of the seminar on pollution and human environment (Record no. 498812)

000 -LEADER
fixed length control field 00403cam a22001097a 4500
008 - FIXED-LENGTH DATA ELEMENTS--GENERAL INFORMATION
fixed length control field 180718b1970 xxu||||| |||| 00| 0 eng d
082 ## - DEWEY DECIMAL CLASSIFICATION NUMBER
Classification number X9x54 B469
245 ## - TITLE STATEMENT
Title Proceedings of the seminar on pollution and human environment
Statement of responsibility, etc. by Bhabha Atomic Research Centre, Maharashtra
260 ## - PUBLICATION, DISTRIBUTION, ETC.
Place of publication, distribution, etc. Bombay
Name of publisher, distributor, etc. Bhabha Atomic Research Centre
Date of publication, distribution, etc. 1970
300 ## - PHYSICAL DESCRIPTION
Extent 585+p.
700 ## - ADDED ENTRY--PERSONAL NAME
Personal name Maharashtra. Bhabha Atomic Research Centre
Holdings
Withdrawn status Lost status Damaged status Not for loan Permanent Location Current Location Date acquired Full call number Barcode Date last seen Price effective from Koha item type
        Indian Institute of Public Administration Indian Institute of Public Administration 2018-08-04 X9x54 B469 GG12689 2018-08-04 2018-08-04 GG

Powered by Koha